Guatemala 2000 Análisis de una coyuntura/
El análisis de una coyuntura específica demanda de la comprensión del contexto histórico y estructura que procede de este ensayo se limita a interpretar algunos de los eventos históricos que, a criterio del autor, ejercieron mayor influencia en las estructuras sociales y políticas de Guatemala duran...
Guardado en:
| Hovedforfatter: | |
|---|---|
| Format: | Bog |
| Sprog: | Spanish |
| Udgivet: |
Guatemala:
CIDECA; CEPADE
2000
|
| Fag: | |
| Tags: |
Tilføj Tag
Ingen Tags, Vær først til at tagge denne postø!
|
MARC
| LEADER | 00000nam a22000007a 4500 | ||
|---|---|---|---|
| 003 | cru CIDCACS/IIS | ||
| 005 | 20230704082752.0 | ||
| 008 | 220706b2000 gt ||||| |||| 00| 0 spa d | ||
| 040 | |c cru IIS | ||
| 090 | |a 04.03.01 R788g | ||
| 100 | 1 | |9 9181 |a Rosada Granados, Héctor | |
| 245 | 1 | |a Guatemala 2000 |b Análisis de una coyuntura/ |c Héctor Rosada-Grandos | |
| 260 | |a Guatemala: |b CIDECA; CEPADE |c 2000 | ||
| 300 | |a 96 páginas | ||
| 500 | |a Colección América Central | ||
| 520 | 3 | |a El análisis de una coyuntura específica demanda de la comprensión del contexto histórico y estructura que procede de este ensayo se limita a interpretar algunos de los eventos históricos que, a criterio del autor, ejercieron mayor influencia en las estructuras sociales y políticas de Guatemala durante los últimos 55 años, con el propósito de aportar los elementos que ayuden a comprender la lógica de los acontecimientos que configuran la actual coyuntura, caracterizada por el inicio de un nuevo gobierno. | |
| 650 | 0 | 0 | |0 TESAUROS |2 OCDE |9 8396 |a ACTORES SOCIALES |
| 650 | 0 | 0 | |2 OCDE |9 6869 |a ANALISIS POLITICO |0 TESAUROS |
| 650 | 0 | 0 | |2 OCDE |9 632 |a ASPECTOS SOCIALES |0 TESAUROS |
| 650 | 0 | 0 | |2 OCDE |9 131 |a DICTADURA |0 TESAUROS |
| 650 | 0 | 0 | |2 OCDE |9 6307 |a ACUERDOS DE PAZ |0 TESAUROS |
| 942 | |2 ddc |c LI |h 04.03.01 R788g |i 23091 |6 040301_R788G_23091 | ||
| 999 | |c 44371 |d 44371 | ||
